000
00350nam a2200157Ia 4500
008
221030s9999 xx 000 0 und d
020
_a
8120325648
041
_a
English
082
_a
105.23
100
_a
NIIT
245
0
_a
Introduction to Operational Amplifiers
260
_b
PHI
_a
New Delhi
_c
2006
300
_a
232
650
_a
ECE
942
_c
BK
999
_c
704
_d
704